Industrial market segmentation : case study of a company in the hypodermic needles and syringes business in Singapore /
Saved in:
| Main Author: | |
|---|---|
| Format: | Thesis Book |
| Language: | English |
| Published: |
1992.
|
| Subjects: | |
| Tags: |
Add Tag
No Tags, Be the first to tag this record!
|
| LEADER | 00957cam a2200265 a 4500 | ||
|---|---|---|---|
| 001 | u332914 | ||
| 003 | SIRSI | ||
| 008 | 930908s1992 si v 00 1 eng m | ||
| 020 | |a 9251032351 | ||
| 035 | |a ABP-7024 | ||
| 040 | |a UMM | ||
| 043 | |a a-si--- | ||
| 090 | |a HF5415.127 |b Yap | ||
| 100 | 1 | 0 | |a Yap, Chew Loong. |
| 245 | 1 | 0 | |a Industrial market segmentation : |b case study of a company in the hypodermic needles and syringes business in Singapore / |c by Yap Chew Loong. |
| 260 | |c 1992. | ||
| 300 | |a viii, 114 leaves : |b ill. ; |c 30 cm. | ||
| 502 | |a Dissertation (M.B.A.) -- National University of Singapore, 1992. | ||
| 504 | |a Bibliography: leaves 100-101. | ||
| 650 | 0 | |a Market segmentation |z Singapore. | |
| 650 | 0 | |a Hypodermic needle industry |z Singapore. | |
| 650 | 0 | |a Hypodermic syringe industry |z Singapore. | |
| 948 | |a 08/09/1993 |b 20/08/2002 | ||
| 596 | |a 1 | ||
| 999 | |a HF5415.127 YAP |w LC |c 1 |i A504466564 |d 29/5/2001 |l STACKS |m P01UTAMA |n 1 |r Y |s Y |t TESIS |u 29/9/1993 | ||
